<?xml version="1.0" encoding="UTF-8"?>
<record
    xmlns:xsi="http://www.w3.org/2001/XMLSchema-instance"
    xsi:schemaLocation="http://www.loc.gov/MARC21/slim http://www.loc.gov/standards/marcxml/schema/MARC21slim.xsd"
    xmlns="http://www.loc.gov/MARC21/slim">

  <leader>004990000a22001330004500</leader>
  <datafield tag="090" ind1=" " ind2=" ">
    <subfield code="a">AS</subfield>
    <subfield code="b">Seriadas</subfield>
  </datafield>
  <datafield tag="245" ind1="1" ind2="0">
    <subfield code="a">Nueva especie de Colostethus (&lt;Anura: Dendrobatidae&gt;) de la regi&#xF3;n del Caribe de Colombia</subfield>
  </datafield>
  <datafield tag="041" ind1="0" ind2=" ">
    <subfield code="a">Espa&#xF1;ol</subfield>
  </datafield>
  <datafield tag="700" ind1="1" ind2=" ">
    <subfield code="a">Cuentas, Daniel A.</subfield>
    <subfield code="9">99068</subfield>
  </datafield>
  <datafield tag="700" ind1="1" ind2=" ">
    <subfield code="a">Coloma, Luis A.</subfield>
    <subfield code="9">99069</subfield>
  </datafield>
  <datafield tag="100" ind1="1" ind2=" ">
    <subfield code="a">Acosta Galvis, Andr&#xE9;s Rymel</subfield>
    <subfield code="9">6246</subfield>
  </datafield>
  <datafield tag="942" ind1=" " ind2=" ">
    <subfield code="c">ARTICULO</subfield>
  </datafield>
  <datafield tag="773" ind1="1" ind2=" ">
    <subfield code="t">Revista de la Academia Colombiana de Ciencias Exactas, Fisicas y Naturales</subfield>
    <subfield code="3">32</subfield>
    <subfield code="h">Supl. Esp.</subfield>
    <subfield code="q">225-230</subfield>
    <subfield code="d">1999</subfield>
    <subfield code="g">23</subfield>
  </datafield>
  <datafield tag="999" ind1=" " ind2=" ">
    <subfield code="c">13998</subfield>
    <subfield code="d">13998</subfield>
  </datafield>
</record>
